Дело по ревизии отчета, книг и документов Конторы театров за 1841 год

Доступно только в Электронных читальных залах Найти на картеНа карте
RUSMARC
00003749nmc2a22002413x 450
001ff983825-c85d-450e-b90d-83919c5c44e6
00520211027173527.0
100##$a20210809l18431844k l0rusy0189 ca
1010#$arus
102##$aRU
105##$ay###
1222#$ad
2001#$aДело по ревизии отчета, книг и документов Конторы театров за 1841 год
$j16 июля 1843 г. - 27 июля 1844 г.
215##$a77 л.
$d36,5х26 см
251##$cДело
300##$aПо Московской конторе Дирекции императорских театров контрольного стола
371##$aДокумент не является опубликованным и широко распространяемым
461#0$10019264ebf8-de62-4f1a-9eb4-9f22098dbbd5
$12001
$aДирекция императорских театров МИДв
$1251
$cФонд
$1852
$j497
462#0$1001ff15f5e8-b5fa-4fe1-bbcd-275cd0305ec2
$12001
$aДела Санкт-Петербургской конторы Дирекции императорских театров и дела Московской конторы Дирекции императорских театров
$1251
$cОпись
$1852
$j10
801#0$aRU
$bРГИА
$c20210809
$gRCR
801#1$aRU
$bГлавНИВЦ
$c20210809
$2rusmarc
801#2$aRU
$bПБ им. Б.Н. Ельцина
$c20211027
$gRCR
$2rusmarc
850##$aРГИА
852##$aРГИА
$eФедеральное казенное учреждение "Российский государственный исторический архив" (РГИА)
$j1364
937##$hРГИА
$d12361112
$aASBIBLIO_SCAN
035##$aRusGRCC00030939
856##$uhttp://readingroom.main.prlib.ru/item.aspx?id_node=n170096827&mode=full
Формат отображения